Bienvenue à la Médiathèque de Saint-Andiol
banniere
Accueil Recherche avancée Mon compte
handi1 Rechercher dans le catalogue

Filtre   Mots-clés
  Recherche avancée
 
Lister les dernières nouveautés
 
Lister les livres GROS CARACTERES
 
Lister les périodiques (magazines)

handi1 Alyana

Book Cover
Auteur principal : Olivier Peru
Autres auteurs : Stéphane Bileau Pierre-Denis Goux
Autres auteurs : Luca Merli
Titre : Alyana
Support : Livres
Langue : Francais
Series : Les Elfes blancs
Genre : Bande dessinée (ados-adultes)
Collection :
Sujets :
Étiquettes :
Pas de tags
LEADER 00988nam0a2200241 450
001 16867816
010 |a 978-2-302-06372-3  |b cart.  |d 14,95 € 
100 |a 20170927d2017 u u0frey01 ba 
101 0 |a fre 
102 |a FR 
200 0 |a Alyana  |f scénario Olivier Peru  |g dessins Stéphane Bileau, Pierre-Denis Goux - couleurs Luca Merli 
207 1 |a   
215 |a 1 vol. (55 p.)  |c illustrations en couleur  |d 33 x 24 cm 
225 1 |v 18 
330 |a Tomaison. Fall et Tenashep ont donné naissance à Alyana, une fille douée de la parole dès la naissance et dotée d'étranges pouvoirs qui pourraient être source d'envie belliqueuse. 
461 0 |t Les Elfes blancs  |v 04 
700 0 |a Peru  |b Olivier  |4 70 
701 0 |a Bileau  |b Stéphane  |4 440 
701 0 |a Goux  |b Pierre-Denis  |4 440 
702 0 |a Merli  |b Luca  |4 410 
900 |a Bande dessinée (ados-adultes) 
901 |a Adultes 
995 |a Médiathèque  |c Médiathèque  |f 00156012266235  |h 00156012266235  |k BDJ ELF BLA 4  |o p  |q a  |r az  |e Médiathèque